<?xml version="1.0" encoding="UTF-8"?>
<resp>
  <nextPage>https://data.bn.org.pl/api/networks/bibs.marcxml?marc=001+b00001150000069&amp;sinceId=1150000070</nextPage>
  <collection>
    <record xmlns='http://www.loc.gov/MARC21/slim'><leader>01062namZa2200313ZiZ4500</leader><controlfield tag='001'>b00001150000069</controlfield><controlfield tag='005'>20250903063618.1</controlfield><controlfield tag='008'>230609s        pl           |000 0 pol c</controlfield><controlfield tag='009'>9913262289005606</controlfield><datafield ind1=' ' ind2=' ' tag='035'><subfield code='a'>KR_1KR_1_20120317225125066049-48omnis_kr</subfield></datafield><datafield ind1=' ' ind2=' ' tag='035'><subfield code='a'>KR_1_20120317225125066049</subfield><subfield code='9'>ExL</subfield></datafield><datafield ind1=' ' ind2=' ' tag='035'><subfield code='a'>(PL)b00001150000069</subfield></datafield><datafield ind1=' ' ind2=' ' tag='040'><subfield code='a'>KR_1</subfield><subfield code='c'>KR_1</subfield></datafield><datafield ind1='1' ind2=' ' tag='041'><subfield code='a'>pol</subfield><subfield code='h'>ger</subfield></datafield><datafield ind1='1' ind2=' ' tag='100'><subfield code='a'>Mittelstädt, Kuno</subfield></datafield><datafield ind1='1' ind2='0' tag='245'><subfield code='a'>Albrecht Durer /</subfield><subfield code='c'>Kuno Mittelstädt ; [przeł.Barbara Ostrowska].</subfield></datafield><datafield ind1=' ' ind2=' ' tag='260'><subfield code='a'>Warszawa :</subfield><subfield code='b'>&quot;Arkady&quot; ;</subfield><subfield code='a'>Berlin :</subfield><subfield code='b'>Henschelverlag ;</subfield><subfield code='a'>Budapeszt :</subfield><subfield code='b'>&quot;Corvina&quot;,</subfield><subfield code='c'>1977.</subfield></datafield><datafield ind1=' ' ind2=' ' tag='300'><subfield code='a'>15, [57] s. :</subfield><subfield code='b'>il. (w tym kolor. ) ;</subfield><subfield code='c'>28 cm.</subfield></datafield><datafield ind1='1' ind2=' ' tag='490'><subfield code='a'>W Kręgu Sztuki</subfield></datafield><datafield ind1=' ' ind2=' ' tag='500'><subfield code='a'>n</subfield></datafield><datafield ind1=' ' ind2=' ' tag='504'><subfield code='a'>Bibliogr. s. [57].</subfield></datafield><datafield ind1='1' ind2=' ' tag='700'><subfield code='a'>Ostrowska, Barbara</subfield><subfield code='e'>tł</subfield></datafield><datafield ind1=' ' ind2=' ' tag='852'><subfield code='b'>48OMNIS_NETWORK</subfield><subfield code='8'>9913262289005606</subfield></datafield><datafield ind1=' ' ind2=' ' tag='852'><subfield code='b'>48OMNIS_KR</subfield><subfield code='8'>991000000699708216</subfield></datafield><datafield ind1=' ' ind2=' ' tag='852'><subfield code='b'>48OMNIS_TL</subfield><subfield code='8'>991000375649608218</subfield></datafield><datafield ind1=' ' ind2=' ' tag='852'><subfield code='8'>226185940008218</subfield><subfield code='j'>1</subfield><subfield code='b'>TL_4_1</subfield><subfield code='p'>014510WD</subfield><subfield code='c'>TL_4_1_4</subfield></datafield></record>
  </collection>
</resp>
